Normal view
MARC view
- ENGLISH LANGUAGE- TEXT BOOKS FOR FOREIGNEERS.READING COMPREHENSION EXERCISES
Entry Topical Term
001 - CONTROL NUMBER
- control field: 73717
003 - CONTROL NUMBER IDENTIFIER
- control field: NUST
005 - DATE AND TIME OF LATEST TRANSACTION
- control field: 20210628205051.0
008 - FIXED-LENGTH DATA ELEMENTS
- fixed length control field: 210628|| aca||aabn | a|a d
040 ## - CATALOGING SOURCE
- Original cataloging agency: NUST
- Transcribing agency: NUST
150 ## - HEADING--TOPICAL TERM
- Topical term or geographic name entry element: ENGLISH LANGUAGE- TEXT BOOKS FOR FOREIGNEERS.READING COMPREHENSION EXERCISES
670 ## - SOURCE DATA FOUND
- Source citation: Work cat.: (NUST): Grellet, Francoise 314, Developing reading skills, a practical guide to reading comprehension exercises, 2007
